[Event "BUL-chT"]
[Site "Plovdiv"]
[Date "2003.11.09"]
[Round "7"]
[White "Mogilarov, Dimitar"]
[Black "Delchev, Petar"]
[Result "0-1"]
[WhiteElo "2138"]
[BlackElo "2263"]
[PlyCount "94"]
[EventDate "2003.11.??"]
[EventType "team"]
[EventRounds "9"]
[EventCountry "BUL"]
[SourceTitle "CBM 097 Extra"]
[Source "ChessBase"]
[SourceDate "2004.01.13"]
[SourceVersion "1"]
[SourceVersionDate "2004.01.13"]
[SourceQuality "1"]

1. e4 d6 2. d4 Nf6 3. Nc3 e5 4. Nf3 Nbd7 5. Bc4 Be7 6. 0-0 0-0 7. Re1 c6 8. a4 b6 9. b3 a6 10. Qd2 Rb8 11. Bb2 Qc7 12. Bf1 Re8 13. Rad1 Bf8 14. h3 Bb7 15. Ba3 b5 16. axb5 axb5 17. d5 Qa5 18. dxc6 Bxc6 19. Bb2 Rec8 20. Nd5 Qxd2 21. Rxd2 Nxe4 22. Rxe4 Bxd5 23. Re3 Nf6 24. Nxe5 dxe5 25. Bxe5 Be6 26. Bxb8 Rxb8 27. Re5 b4 28. f4 g6 29. g4 Rc8 30. f5 gxf5 31. gxf5 Rc5 32. Rxc5 Bxc5+ 33. Kh2 Bxf5 34. Bd3 Be6 35. Rg2+ Kf8 36. Rg5 Bd6+ 37. Kg2 Bd5+ 38. Kf1 h6 39. Rf5 Ke7 40. Bc4 Be4 41. Rf2 Be5 42. Ke2 Bxc2 43. Ke3 Bg6 44. Bd3 Nd5+ 45. Kd2 Bc3+ 46. Ke2 Bh5+ 47. Kf1 Bd1 0-1

[Event "BUL-chT"]
[Site "Plovdiv"]
[Date "2003.11.08"]
[Round "6"]
[White "Georgiev, Veselin"]
[Black "Mogilarov, Dimitar"]
[Result "1-0"]
[WhiteElo "2330"]
[BlackElo "2138"]
[PlyCount "49"]
[EventDate "2003.11.??"]
[EventType "team"]
[EventRounds "9"]
[EventCountry "BUL"]
[SourceTitle "CBM 097 Extra"]
[Source "ChessBase"]
[SourceDate "2004.01.13"]
[SourceVersion "1"]
[SourceVersionDate "2004.01.13"]
[SourceQuality "1"]

1. e4 e5 2. Nf3 Nc6 3. Bb5 a6 4. Ba4 Nf6 5. 0-0 Be7 6. Re1 b5 7. Bb3 0-0 8. a4 Rb8 9. axb5 axb5 10. c3 d5 11. exd5 Nxd5 12. Nxe5 Nxe5 13. Rxe5 Nf6 14. Re1 Bd6 15. d4 Ng4 16. h3 Qh4 17. Qf3 Nxf2 18. Bd2 Bxh3 19. gxh3 Bg3 20. Re3 Nh1 21. Kxh1 Qxh3+ 22. Kg1 Qh2+ 23. Kf1 Rb6 24. Bxf7+ Kh8 25. Ra8 1-0

[Event "BUL-chT"]
[Site "Plovdiv"]
[Date "2003.11.08"]
[Round "5"]
[White "Mogilarov, Dimitar"]
[Black "Petrov, Marian"]
[Result "1/2-1/2"]
[WhiteElo "2138"]
[BlackElo "2471"]
[PlyCount "25"]
[EventDate "2003.11.??"]
[EventType "team"]
[EventRounds "9"]
[EventCountry "BUL"]
[SourceTitle "CBM 097 Extra"]
[Source "ChessBase"]
[SourceDate "2004.01.13"]
[SourceVersion "1"]
[SourceVersionDate "2004.01.13"]
[SourceQuality "1"]

1. e4 c5 2. c3 e6 3. d4 d5 4. exd5 exd5 5. Be3 cxd4 6. Bxd4 Nc6 7. Nf3 Be6 8. Bb5 a6 9. Ba4 b5 10. Bc2 Nxd4 11. Nxd4 Bd6 12. Nxe6 fxe6 13. Qh5+ 1/2-1/2

[Event "BUL-chT"]
[Site "Pamporovo"]
[Date "2001.10.04"]
[Round "2"]
[White "Panaiotov, Janko"]
[Black "Mogilarov, Dimitar"]
[Result "1/2-1/2"]
[WhiteElo "2306"]
[BlackElo "2143"]
[PlyCount "149"]
[EventDate "2001.10.03"]
[EventType "team"]
[EventRounds "7"]
[EventCountry "BUL"]
[SourceTitle "CBM 084 Extra"]
[Source "ChessBase"]
[SourceDate "2001.10.26"]
[SourceVersion "1"]
[SourceVersionDate "2001.10.26"]
[SourceQuality "1"]

1. e4 c5 2. Nf3 d6 3. c3 Nf6 4. Bd3 Nc6 5. Bc2 g6 6. 0-0 Bg7 7. Re1 0-0 8. h3 e5 9. d4 cxd4 10. cxd4 exd4 11. Nxd4 Nxd4 12. Qxd4 Re8 13. Qd1 d5 14. Nc3 dxe4 15. Qxd8 Rxd8 16. Bg5 h6 17. Bxf6 Bxf6 18. Bxe4 Be6 19. Bxg6 Bxc3 20. bxc3 Rac8 21. Re3 Rc6 22. Be4 Rb6 23. Re2 Bc4 24. Rc2 Rd7 25. f3 Rbd6 26. Kf2 b5 27. Ke3 Rd1 28. Rxd1 Rxd1 29. Rb2 Ra1 30. Bb1 Kg7 31. Kd4 Kf6 32. f4 Ke6 33. Kc5 a6 34. g4 f6 35. h4 Kf7 36. Kb4 Kg7 37. Ka5 Kf7 38. Kb6 Kg7 39. g5 hxg5 40. hxg5 fxg5 41. fxg5 Kg8 42. Bc2 Rg1 43. Bb3 Rxg5 44. Bxc4+ bxc4 45. Kxa6 Rg3 46. Rc2 Kf7 47. Kb5 Ke6 48. Kxc4 Kd6 49. Kb5 Kc7 50. c4 Rg1 51. Rh2 Rb1+ 52. Kc5 Ra1 53. Rh7+ Kb8 54. Kb6 Rb1+ 55. Kc6 Rb2 56. Rh8+ Ka7 57. c5 Rxa2 58. Kc7 Rg2 59. Rh7 Rg1 60. Re7 Ka6 61. c6 Rh1 62. Kd7 Rh8 63. Kc7 Rg8 64. Rd7 Rh8 65. Rd8 Rh7+ 66. Kd6 Rh6+ 67. Kc5 Rh5+ 68. Rd5 Rh1 69. Rd7 Rh5+ 70. Kd6 Rh6+ 71. Kc7 Rh8 72. Re7 Rg8 73. Kd6 Rg6+ 74. Kd7 Rg8 75. Rh7 1/2-1/2